[Event "San Cristobal FISS op 28th"]
[Site "San Cristobal"]
[Date "2018.02.02"]
[Round "4"]
[White "Gamboa Gonzalez, Anibal"]
[Black "Ostos, Julio Eduardo"]
[Result "0-1"]
[WhiteElo "2044"]
[BlackElo "2271"]
[PlyCount "87"]
[EventDate "2018.01.31"]
[EventType "tourn"]
[EventRounds "9"]
[EventCountry "VEN"]
[SourceTitle "CBM 182 Extra"]
[Source "ChessBase"]
[SourceDate "2018.02.23"]
[SourceVersion "1"]
[SourceVersionDate "2018.02.23"]
[SourceQuality "1"]

1. c4 Nf6 2. Nc3 c5 3. Nf3 g6 4. e3 Bg7 5. d4 0-0 6. Be2 d6 7. 0-0 Bf5 8. Nh4 Bd7 9. Nf3 a6 10. d5 Ra7 11. e4 b5 12. e5 dxe5 13. cxb5 axb5 14. Bxb5 Bxb5 15. Nxb5 Rd7 16. Nxe5 Rxd5 17. Qe2 Nfd7 18. Nxd7 Qxd7 19. Be3 Nc6 20. Nc3 Nd4 21. Qc4 Rh5 22. Rad1 Qg4 23. Bxd4 Bxd4 24. b3 Rg5 25. g3 Qh3 26. Rxd4 cxd4 27. Qxd4 Rh5 28. Re1 Qxh2+ 29. Kf1 Qh1+ 30. Ke2 Qc6 31. Kd2 Qc7 32. Kc2 Rd8 33. Qb4 Rf5 34. Re2 Rf3 35. Kb2 Rc8 36. Rc2 Qe5 37. a4 Qf6 38. a5 Kg7 39. g4 h6 40. Qb6 Rc6 41. Qb4 g5 42. Rc1 Rxf2+ 43. Ka3 Rd2 44. Ne4 0-1

[Event "VEN-ch"]
[Site "Santo Domingo"]
[Date "2018.01.14"]
[Round "10"]
[White "Ostos, Julio Eduardo"]
[Black "Gamboa Gonzalez, Anibal"]
[Result "1/2-1/2"]
[WhiteElo "2271"]
[BlackElo "2044"]
[PlyCount "29"]
[EventDate "2018.01.09"]
[EventType "tourn"]
[EventRounds "11"]
[EventCountry "VEN"]
[SourceTitle "CBM 182 Extra"]
[Source "ChessBase"]
[SourceDate "2018.02.23"]
[SourceVersion "1"]
[SourceVersionDate "2018.02.23"]
[SourceQuality "1"]

1. e4 Nf6 2. Nc3 d5 3. e5 Ng4 4. d4 c5 5. dxc5 d4 6. Nb5 Nc6 7. Nf3 a6 8. Nbxd4 Qa5+ 9. Qd2 Qxc5 10. Nb3 Qb6 11. h3 Ngxe5 12. Nxe5 Nxe5 13. Qc3 Nc6 14. a3 e5 15. Be3 1/2-1/2

[Event "VEN-ch"]
[Site "Santo Domingo"]
[Date "2018.01.11"]
[Round "5"]
[White "Gamboa Gonzalez, Anibal"]
[Black "Romero Barreto, Jaime Jose"]
[Result "0-1"]
[WhiteElo "2044"]
[BlackElo "2228"]
[PlyCount "109"]
[EventDate "2018.01.09"]
[EventType "tourn"]
[EventRounds "11"]
[EventCountry "VEN"]
[SourceTitle "CBM 182 Extra"]
[Source "ChessBase"]
[SourceDate "2018.02.23"]
[SourceVersion "1"]
[SourceVersionDate "2018.02.23"]
[SourceQuality "1"]

1. b3 e5 2. Bb2 Nc6 3. e3 Nf6 4. Bb5 Bd6 5. Na3 e4 6. Nc4 Be7 7. Ne2 Nb8 8. Nd4 a6 9. Ba4 b5 10. Nxb5 axb5 11. Bxb5 Ba6 12. Bxa6 Rxa6 13. Qe2 0-0 14. a4 d5 15. Na3 c5 16. Nb5 Ne8 17. d3 Bf6 18. c3 Nd6 19. 0-0 Be5 20. Qh5 Nd7 21. d4 Nxb5 22. dxe5 Rh6 23. Qf5 Nc7 24. c4 dxc4 25. bxc4 Qh4 26. h3 Ne6 27. Qg4 Qxg4 28. hxg4 Rb8 29. Rfd1 Rxb2 30. Rxd7 Kf8 31. a5 Ke8 32. Ra7 Nd8 33. a6 Rbb6 34. f3 Rhc6 35. Kf2 Rc8 36. Ra5 Nc6 37. Rb7 Nxa5 38. Rxb6 Nxc4 39. Rb5 Nxe5 40. a7 Nc6 41. Rxc5 Nxa7 42. Re5+ Kd7 43. Rxe4 Nc6 44. g5 Ra8 45. Rh4 Rh8 46. Rf4 Ke6 47. Re4+ Kd5 48. Rh4 Ne5 49. Rd4+ Kc5 50. f4 Nc6 51. Re4 Kd5 52. Ra4 Nb8 53. Ra7 Ke6 54. e4 Nc6 55. Rb7 0-1

[Event "VEN-ch"]
[Site "Santo Domingo"]
[Date "2018.01.09"]
[Round "2"]
[White "Brizuela Abreu, Ronald Jesus"]
[Black "Gamboa Gonzalez, Anibal"]
[Result "1-0"]
[WhiteElo "2305"]
[BlackElo "2044"]
[PlyCount "133"]
[EventDate "2018.01.09"]
[EventType "tourn"]
[EventRounds "11"]
[EventCountry "VEN"]
[SourceTitle "CBM 182 Extra"]
[Source "ChessBase"]
[SourceDate "2018.02.23"]
[SourceVersion "1"]
[SourceVersionDate "2018.02.23"]
[SourceQuality "1"]

1. Nf3 d5 2. e3 Nf6 3. c4 Bg4 4. Qb3 Bc8 5. Qc2 Bg4 6. Ne5 Be6 7. b3 Nbd7 8. Nf3 Bg4 9. Bb2 e6 10. h3 Bf5 11. d3 Bb4+ 12. Nbd2 a5 13. Nh4 Bg6 14. Nxg6 hxg6 15. a3 Bd6 16. Be2 c5 17. 0-0 Qc7 18. cxd5 exd5 19. Nf3 0-0 20. Rac1 Rfc8 21. Qb1 Qb6 22. Bd1 Qa6 23. a4 b5 24. Be2 bxa4 25. bxa4 Rab8 26. Qa1 Rb3 27. Nd2 Rb7 28. Bc3 Rcb8 29. Nb1 Rb3 30. Na3 R3b7 31. Nb5 Be7 32. Bf3 Rc8 33. Qa2 Nb6 34. Bxf6 Bxf6 35. Bxd5 Rd7 36. Bf3 Rcd8 37. Rxc5 Rxd3 38. Rc7 R3d7 39. Rfc1 Be5 40. R7c6 Rd2 41. R6c2 Rxc2 42. Rxc2 Rc8 43. g4 Rxc2 44. Qxc2 Qc8 45. Qe4 Kh7 46. Kg2 Qc5 47. Bd1 Nc4 48. Bb3 Nd2 49. Qc2 Qxc2 50. Bxc2 Nc4 51. Bb3 Nb6 52. f4 Bb8 53. Bxf7 Nxa4 54. Kf3 g5 55. fxg5 g6 56. Ba2 Nc5 57. h4 Kg7 58. h5 gxh5 59. gxh5 a4 60. Nd4 Nd3 61. Nf5+ Kh8 62. g6 Be5 63. Ke4 Nc1 64. Bc4 Bg7 65. Kf4 a3 66. Nxg7 Kxg7 67. Kg5 1-0

[Event "VEN-ch"]
[Site "Santo Domingo"]
[Date "2018.01.09"]
[Round "1"]
[White "Pacheco Lugo, Alejandro Jose"]
[Black "Gamboa Gonzalez, Anibal"]
[Result "1-0"]
[WhiteElo "2190"]
[BlackElo "2044"]
[PlyCount "42"]
[EventDate "2018.01.09"]
[EventType "tourn"]
[EventRounds "11"]
[EventCountry "VEN"]
[SourceTitle "CBM 182 Extra"]
[Source "ChessBase"]
[SourceDate "2018.02.23"]
[SourceVersion "1"]
[SourceVersionDate "2018.02.23"]
[SourceQuality "1"]

1. e4 Nf6 2. e5 Nd5 3. d4 d6 4. Nf3 Bg4 5. Be2 Nc6 6. c4 Nb6 7. exd6 exd6 8. Nbd2 Be7 9. 0-0 0-0 10. b3 Bf6 11. Bb2 d5 12. c5 Nc8 13. h3 Bh5 14. Re1 h6 15. Bc3 N8e7 16. b4 a6 17. a4 Nf5 18. Nb3 Bxf3 19. Bxf3 Nh4 20. Bg4 Ne7 21. g3 Nf3+ 1-0

[Event "Port of Spain op"]
[Site "Port of Spain"]
[Date "2017.08.30"]
[Round "5"]
[White "Gamboa Gonzalez, Anibal"]
[Black "Duncan, Leonard"]
[Result "1-0"]
[WhiteElo "2018"]
[BlackElo "1895"]
[PlyCount "121"]
[EventDate "2017.08.27"]
[EventType "swiss"]
[EventRounds "9"]
[EventCountry "TRI"]
[SourceTitle "CBM 180 Extra"]
[Source "ChessBase"]
[SourceDate "2017.10.06"]
[SourceVersion "1"]
[SourceVersionDate "2017.10.06"]
[SourceQuality "1"]

1. b3 e5 2. Bb2 f6 3. e3 Nh6 4. c4 Be7 5. d4 exd4 6. exd4 0-0 7. Nc3 Re8 8. Be2 Bb4 9. a3 Bxc3+ 10. Bxc3 d5 11. Nf3 c6 12. 0-0 Bg4 13. h3 Bh5 14. Re1 Nd7 15. Qd2 Bf7 16. Bd3 Nf8 17. Nh4 Ne6 18. Qc2 g6 19. Qd2 Kg7 20. cxd5 Qxd5 21. Bc4 Qg5 22. Qxg5 Nxg5 23. f4 Ne4 24. Bxf7 Kxf7 25. Bb2 Nd2 26. b4 g5 27. fxg5 fxg5 28. Nf3 Nxf3+ 29. gxf3 Rxe1+ 30. Rxe1 Re8 31. Re4 Nf5 32. Kf2 h6 33. Re5 Rxe5 34. dxe5 Ke6 35. f4 gxf4 36. Kf3 Ne3 37. Kxf4 Nc4 38. Bd4 a5 39. bxa5 Nxa3 40. Kg4 Nc2 41. Bc3 Ne3+ 42. Kh5 Nf5 43. Kg6 c5 44. Bb2 c4 45. Bc3 Ne3 46. Kxh6 Nd5 47. Bd4 c3 48. h4 c2 49. Bb2 Nf4 50. Kg7 Nd3 51. Ba3 Nxe5 52. h5 Ng4 53. Bc1 Kf5 54. Kf7 Ke5 55. Ke7 Kd5 56. Kd7 Nf6+ 57. Kc7 Nxh5 58. Kxb7 Nf6 59. a6 Ne8 60. a7 Nd6+ 61. Kb8 1-0

[Event "Port of Spain op"]
[Site "Port of Spain"]
[Date "2017.08.28"]
[Round "3"]
[White "Gamboa Gonzalez, Anibal"]
[Black "Yearwood, Sean"]
[Result "1-0"]
[WhiteElo "2018"]
[BlackElo "1758"]
[PlyCount "39"]
[EventDate "2017.08.27"]
[EventType "swiss"]
[EventRounds "9"]
[EventCountry "TRI"]
[SourceTitle "CBM 180 Extra"]
[Source "ChessBase"]
[SourceDate "2017.10.06"]
[SourceVersion "1"]
[SourceVersionDate "2017.10.06"]
[SourceQuality "1"]

1. b3 e5 2. Bb2 d6 3. d4 exd4 4. Qxd4 Nc6 5. Qd2 Nf6 6. Nc3 Be6 7. e4 a6 8. f4 Qe7 9. 0-0-0 0-0-0 10. Nf3 d5 11. e5 Ne4 12. Qe1 Nb4 13. Kb1 Qc5 14. Nd4 Bg4 15. Nxe4 dxe4 16. Rd2 Qa5 17. Qh4 Be6 18. Qxd8+ Kxd8 19. Nc6+ Ke8 20. Rd8# 1-0

[Event "Wch Seniors 65 26th"]
[Site "Marianske Lazne"]
[Date "2016.11.22"]
[Round "4"]
[White "Gamboa Gonzalez, Anibal"]
[Black "Goetze, Peter"]
[Result "1-0"]
[WhiteElo "2040"]
[BlackElo "1862"]
[PlyCount "57"]
[EventDate "2016.11.19"]
[EventType "swiss"]
[EventRounds "11"]
[EventCountry "CZE"]
[SourceTitle "CBM 175 Extra"]
[Source "ChessBase"]
[SourceDate "2016.12.12"]
[SourceVersion "1"]
[SourceVersionDate "2016.12.12"]
[SourceQuality "1"]

1. b3 e5 2. Bb2 d6 3. d4 exd4 4. Qxd4 Nf6 5. Nc3 Nc6 6. Qd2 Be6 7. e3 Be7 8. Nf3 h6 9. Bb5 0-0 10. h3 a6 11. Be2 Nd7 12. g4 Nde5 13. 0-0-0 Nxf3 14. Bxf3 Rb8 15. Bd5 Bf6 16. Kb1 Qe7 17. f4 Rfe8 18. Rhe1 Bd7 19. Bf3 b5 20. Nd5 Qd8 21. Nxf6+ gxf6 22. Qc3 Re6 23. h4 a5 24. g5 b4 25. Qd3 a4 26. gxh6 Ne7 27. Rg1+ Kh8 28. Rg7 f5 29. Qd4 1-0

[Event "Wch Seniors 65 26th"]
[Site "Marianske Lazne"]
[Date "2016.11.19"]
[Round "1"]
[White "Klus, Jan"]
[Black "Gamboa Gonzalez, Anibal"]
[Result "0-1"]
[WhiteElo "1694"]
[BlackElo "2040"]
[PlyCount "86"]
[EventDate "2016.11.19"]
[EventType "swiss"]
[EventRounds "11"]
[EventCountry "CZE"]
[SourceTitle "CBM 175 Extra"]
[Source "ChessBase"]
[SourceDate "2016.12.12"]
[SourceVersion "1"]
[SourceVersionDate "2016.12.12"]
[SourceQuality "1"]

1. e4 Nf6 2. d3 d5 3. Nc3 c5 4. exd5 Nxd5 5. Nxd5 Qxd5 6. Nf3 Nc6 7. c4 Qd6 8. Be2 e5 9. 0-0 Be7 10. a3 0-0 11. Be3 Bf5 12. Qc2 Rad8 13. Rad1 Rd7 14. h3 Qg6 15. Kh1 Rfd8 16. Ne1 h5 17. f3 h4 18. Bf2 Nd4 19. Bxd4 Rxd4 20. Qb3 R8d7 21. Qc3 Qg3 22. f4 exf4 23. Rf3 Qg5 24. b4 b6 25. b5 Bf6 26. Qc2 Qh6 27. Rf1 g5 28. Bf3 Qg6 29. Bd5 R4xd5 30. cxd5 Rxd5 31. Qb3 Rd4 32. Nf3 Rxd3 33. Rxd3 Bxd3 34. Re1 c4 35. Qb4 g4 36. Ne5 Bxe5 37. Rxe5 gxh3 38. Re8+ Kh7 39. Qd2 Be4 40. Kg1 Bxg2 41. Re5 Be4+ 42. Kf1 Bd3+ 43. Re2 Qg2+ 0-1

[Event "Caracas FVA 80th Ann"]
[Site "Caracas"]
[Date "2015.12.20"]
[Round "8"]
[White "Romero Barreto, Jaime Jose"]
[Black "Gamboa Gonzalez, Anibal"]
[Result "1-0"]
[WhiteElo "2242"]
[BlackElo "2041"]
[PlyCount "53"]
[EventDate "2015.12.16"]
[EventType "swiss"]
[EventRounds "8"]
[EventCountry "VEN"]
[SourceTitle "EXT 2018"]
[Source "ChessBase"]
[SourceDate "2017.10.13"]
[SourceVersion "1"]
[SourceVersionDate "2017.10.13"]
[SourceQuality "1"]

1. e4 Nf6 2. Nc3 d5 3. e5 Ng4 4. d4 c5 5. dxc5 d4 6. Nb5 Nc6 7. Nf3 Ngxe5 8. Nxe5 Nxe5 9. Qxd4 Nd7 10. Bf4 e5 11. Bxe5 Bxc5 12. Nd6+ Kf8 13. Bxg7+ Kg8 14. Qg4 Ne5 15. Qg3 Ng6 16. 0-0-0 Kxg7 17. Qc3+ Qf6 18. Qxc5 Be6 19. Qd4 Ne5 20. f4 Ng4 21. f5 Qxd4 22. Rxd4 Nf2 23. Rg1 Bc8 24. Be2 h5 25. h3 Kf6 26. Rf1 Ke5 27. c3 1-0

[Event "Caracas FVA 80th Ann"]
[Site "Caracas"]
[Date "2015.12.16"]
[Round "1"]
[White "Gamboa Gonzalez, Anibal"]
[Black "Ramirez Gonzalez, Angel David"]
[Result "1-0"]
[WhiteElo "2041"]
[BlackElo "1549"]
[PlyCount "101"]
[EventDate "2015.12.16"]
[EventType "swiss"]
[EventRounds "8"]
[EventCountry "VEN"]
[SourceTitle "EXT 2018"]
[Source "ChessBase"]
[SourceDate "2017.10.13"]
[SourceVersion "1"]
[SourceVersionDate "2017.10.13"]
[SourceQuality "1"]

1. b3 d5 2. Bb2 Nf6 3. e3 e6 4. Nf3 Nbd7 5. Bb5 Bd6 6. d4 0-0 7. 0-0 a6 8. Bd3 c5 9. Nbd2 b5 10. c4 Rb8 11. Qc2 Re8 12. Ne5 Qb6 13. Nxd7 Nxd7 14. Bxh7+ Kf8 15. cxd5 exd5 16. dxc5 Qxc5 17. Rac1 Qxc2 18. Bxc2 Be5 19. Bxe5 Nxe5 20. Bb1 Be6 21. b4 Nc4 22. Nb3 Rec8 23. h3 Ke7 24. Rfd1 Na3 25. Bd3 Nc4 26. Rc3 Nb2 27. Rdc1 Nxd3 28. Rxd3 Rc4 29. a3 Rbc8 30. Ra1 Rc3 31. Rxc3 Rxc3 32. Nd4 Bd7 33. Kf1 Kd6 34. Ke2 Ke5 35. Kd2 Rc4 36. Rc1 Kd6 37. Nb3 Bc8 38. Na5 Rxc1 39. Kxc1 g5 40. Nb3 Ke5 41. Kd2 f5 42. Nd4 f4 43. Kd3 Bd7 44. Nf3+ Kd6 45. Nxg5 fxe3 46. Kxe3 Ke5 47. Nf3+ Kf5 48. g4+ Ke6 49. Kd4 Kd6 50. Ne5 Be6 51. f4 1-0

[Event "Wch Seniors 23rd"]
[Site "Opatija"]
[Date "2013.11.22"]
[Round "10"]
[White "Gruzmann, Boris"]
[Black "Gamboa Gonzalez, Anibal"]
[Result "1/2-1/2"]
[WhiteElo "2249"]
[BlackElo "2096"]
[PlyCount "116"]
[EventDate "2013.11.12"]
[EventType "swiss"]
[EventRounds "11"]
[EventCountry "CRO"]
[SourceTitle "CBM 157 Extra"]
[Source "ChessBase"]
[SourceDate "2013.12.19"]
[SourceVersion "1"]
[SourceVersionDate "2013.12.19"]
[SourceQuality "1"]

1. e4 Nf6 2. e5 Nd5 3. d4 d6 4. c4 Nb6 5. exd6 exd6 6. h3 g6 7. Nf3 Bg7 8. Bg5 f6 9. Be3 Nc6 10. Be2 0-0 11. 0-0 Bf5 12. Nc3 d5 13. cxd5 Ne7 14. Rc1 Nexd5 15. Nxd5 Nxd5 16. Qb3 Rb8 17. Bc4 Be6 18. a4 c6 19. Qa3 Qd7 20. Bd2 Rfe8 21. b4 Bf8 22. a5 Bd6 23. Ne1 Qe7 24. Nd3 Rbd8 25. Rfe1 Qd7 26. Nc5 Bxc5 27. dxc5 Nc7 28. Bxe6+ Rxe6 29. Rxe6 Qxe6 30. Re1 Qf7 31. Bf4 Nd5 32. Bd6 Re8 33. Qa1 Re6 34. Rxe6 Qxe6 35. a6 Qc8 36. axb7 Qxb7 37. Qa5 h6 38. Qd8+ Kh7 39. Qe8 a6 40. h4 h5 41. g3 Kg7 42. Bf8+ Kh7 43. Kh2 Qc7 44. f4 f5 45. Bd6 Nf6 46. Qa8 Ng4+ 47. Kh3 Qg7 48. Qxc6 Qb2 49. Qd7+ Kh8 50. Qe8+ Kh7 51. Qf7+ Kh8 52. Be5+ Nxe5 53. Qf6+ Kh7 54. Qxe5 Qxb4 55. c6 Qb1 56. Qd5 Qf1+ 57. Qg2 Qc4 58. Kh2 a5 1/2-1/2

[Event "Wch Seniors 23rd"]
[Site "Opatija"]
[Date "2013.11.18"]
[Round "6"]
[White "Diaz Franco, Francisco Jorge"]
[Black "Gamboa Gonzalez, Anibal"]
[Result "0-1"]
[WhiteElo "1966"]
[BlackElo "2096"]
[PlyCount "50"]
[EventDate "2013.11.12"]
[EventType "swiss"]
[EventRounds "11"]
[EventCountry "CRO"]
[SourceTitle "CBM 157 Extra"]
[Source "ChessBase"]
[SourceDate "2013.12.19"]
[SourceVersion "1"]
[SourceVersionDate "2013.12.19"]
[SourceQuality "1"]

1. d4 Nf6 2. c4 e6 3. Nc3 Bb4 4. e3 0-0 5. Nf3 d5 6. Qb3 Nc6 7. Be2 a5 8. a3 dxc4 9. Qxc4 Bxc3+ 10. Qxc3 Re8 11. 0-0 Qd5 12. Rd1 b5 13. Ne5 Bb7 14. Bf3 Ne4 15. Qc2 Nxe5 16. Bxe4 Qxe4 17. Qxe4 Bxe4 18. dxe5 Red8 19. Bd2 Bc2 20. Kf1 Bxd1 21. Rxd1 Rd5 22. f4 Rad8 23. Ke2 c5 24. g4 c4 25. h4 b4 0-1

[Event "Wch Seniors 23rd"]
[Site "Opatija"]
[Date "2013.11.12"]
[Round "1"]
[White "Gamboa Gonzalez, Anibal"]
[Black "Blechzin, Igor"]
[Result "0-1"]
[WhiteElo "2096"]
[BlackElo "2411"]
[PlyCount "76"]
[EventDate "2013.11.12"]
[EventType "swiss"]
[EventRounds "11"]
[EventCountry "CRO"]
[SourceTitle "CBM 157 Extra"]
[Source "ChessBase"]
[SourceDate "2013.12.19"]
[SourceVersion "1"]
[SourceVersionDate "2013.12.19"]
[SourceQuality "1"]

1. b3 c5 2. Bb2 Nf6 3. e3 g6 4. c4 Bg7 5. Nf3 0-0 6. Be2 Nc6 7. 0-0 d5 8. cxd5 Qxd5 9. Nc3 Qf5 10. Nh4 Qd7 11. Na4 b6 12. a3 Bb7 13. Rc1 Rad8 14. Bc3 Qe6 15. f4 Ne4 16. f5 Qd6 17. Bxg7 Kxg7 18. d3 Nf6 19. Nb2 b5 20. Qc2 Qe5 21. Nd1 Nd4 22. exd4 Qxd4+ 23. Nf2 Qxh4 24. Qxc5 Qg5 25. g3 Rc8 26. Qxa7 Rxc1 27. Qxb7 Rxf1+ 28. Bxf1 Qxf5 29. Qxe7 Rc8 30. Qe1 Rc2 31. Qe3 Ra2 32. a4 bxa4 33. bxa4 Rxa4 34. h3 Nd5 35. Qd2 Qe5 36. Kh2 h5 37. h4 Rxh4+ 38. Bh3 Rb4 0-1